书目信息 |
| 题名: |
全国普通高等学校工商管理类核心课程教学基本要求
|
|
| 作者: | ;教育部高等教育司 编 | |
| 分册: | ||
| 出版信息: | 北京 高等教育出版社 2000 |
|
| 页数: | 233页 | |
| 开本: | 21cm | |
| 丛书名: | ||
| 单 册: | ||
| 中图分类: | G642.3 | |
| 科图分类: | ||
| 主题词: | 教育--各级 | |
| 电子资源: | ||
| ISBN: | 7-04-008343-4 | |
| 000 | 00700nam0 2200193 450 | |
| 001 | 0734257981 | |
| 005 | 20070704145800.35 | |
| 010 | @a7-04-008343-4@dCNY13.10 | |
| 100 | @a20070702d2000 km y0chiy0120 ea | |
| 101 | 0 | @achi |
| 102 | @aCN@b110000 | |
| 200 | 1 | @a全国普通高等学校工商管理类核心课程教学基本要求@Aquan guo pu tong gao deng xue xiao gong shang guan li lei he xin ke cheng jiao xue ji ben yao qiu@f教育部高等教育司编@Fjiao yu bu gao deng jiao yu si bian |
| 210 | @a北京@c高等教育出版社@d2000 | |
| 215 | @a233页@d21cm | |
| 606 | 0 | @a教育@x各级 |
| 690 | @aG642.3@v3 | |
| 711 | 02 | @a教育部高等教育司@Ajiao yu bu gao deng jiao yu si@4编 |
| 801 | 0 | @aCN@bPFT@c20070704 |
| 905 | @a10447@dG642.3@e337 | |
| 全国普通高等学校工商管理类核心课程教学基本要求/教育部高等教育司编.-北京:高等教育出版社,2000 |
| 233页;21cm |
| ISBN 7-04-008343-4:CNY13.10 |
| ● |
| 相关链接 |
|
|
|
|
正题名:全国普通高等学校工商管理类核心课程教学基本要求
索取号:G642.3/337
 
预约/预借
| 序号 | 登录号 | 条形码 | 馆藏地/架位号 | 状态 | 备注 |
| 1 | 0763925 | 207639251 | 第一样本阅览室/ [索取号:G642.3/337] | 在馆 | |
| 2 | 0763926 | 207639260 | 密集书库/ [索取号:G642.3/337] | 在馆 | |
| 3 | 0763927 | 207639279 | 密集书库/ [索取号:G642.3/337] | 在馆 |